|
|
|
|
| LEADER |
00000nam0a2200000 4500 |
| 001 |
109553 |
| 005 |
20231101214857.0 |
| 035 |
|
|
|a (RuTPU)RU\TPU\book\118301
|
| 090 |
|
|
|a 109553
|
| 100 |
|
|
|a 20070209d1978 km y0rusy50 ca
|
| 101 |
0 |
|
|a rus
|
| 102 |
|
|
|a UA
|
| 105 |
|
|
|a a z 001zy
|
| 200 |
1 |
|
|a Корреляционные эффекты в узкозонных материалах
|f Л. Д. Дидух, Л. Ф. Прядко, И. В. Стасюк
|g Львовский государственный университет ; под ред. М. В. Пашковского
|
| 210 |
|
|
|a Львов
|c Вища школа
|d 1978
|
| 215 |
|
|
|a 120 с.
|c ил.
|
| 320 |
|
|
|a Библиогр.: с. 111-117
|
| 610 |
1 |
|
|a физика
|
| 610 |
1 |
|
|a твердые тела
|
| 610 |
1 |
|
|a зонная теория
|
| 610 |
1 |
|
|a корреляционные эффекты
|
| 610 |
1 |
|
|a проводимость
|
| 610 |
1 |
|
|a диэлектрик-металл
|
| 610 |
1 |
|
|a операторы Хаббарда
|
| 675 |
|
|
|a 539.2
|v 3
|
| 700 |
|
1 |
|a Дидух
|b Л. Д.
|g Леонид Дмитриевич
|
| 701 |
|
1 |
|a Прядко
|b Л. Ф.
|g Леонид Федорович
|
| 701 |
|
1 |
|a Стасюк
|b И. В.
|g Игорь Васильевич
|
| 702 |
|
1 |
|a Пашковский
|b М. В.
|4 340
|
| 712 |
0 |
2 |
|a Львовский государственный университет
|9 25444
|
| 801 |
|
1 |
|a RU
|b 63413507
|c 20070209
|g PSBO
|
| 801 |
|
2 |
|a RU
|b 63413507
|c 20080201
|g PSBO
|
| 942 |
|
|
|c BK
|